| 000 | 01148nam a2200313 i 4500 | ||
|---|---|---|---|
| 001 | 000003869 | ||
| 003 | DO-SdBNP | ||
| 005 | 20260330120552.0 | ||
| 007 | ta | ||
| 008 | 090714s1997 dr ab 000 0 spa d | ||
| 040 |
_aDO-SdBNP _bspa _cBNPHU _erda |
||
| 082 | 4 |
_a363.6 _bS498a _222 |
|
| 100 | 1 |
_aSeverino Almonte, Nieves L. _eautor _911678 _4aut. |
|
| 245 | 1 | 0 |
_aAcueducto y alumbrado en la ciudad de San Felipe de Puerto Plata / _cNieves L. Severino Almonte ; prólogo, R.A. Delgado Bogaert. |
| 264 | 1 |
_aSanto Domingo : _bEditora Serrallés, _c1997. |
|
| 300 |
_a148 páginas : _bilustraciones, mapa ; _ecm. |
||
| 336 |
_atexto _btxt _2rdacontent |
||
| 337 |
_asin mediación _bn _2rdamedia |
||
| 338 |
_avolumen _bnc _0rdacarrier |
||
| 500 | _aLa biblioteca posee el vol. I | ||
| 590 | _aInventariado, 2024/ YL | ||
| 650 | 7 |
_aServicios públicos _989275 _2LIBRUNAM |
|
| 650 | 7 |
_aAbastecimiento de agua _911680 _2LIBRUNAM |
|
| 650 | 0 |
_aAlumbrado eléctrico _911681 |
|
| 650 | 7 |
_aCiudades y pueblos _zRepública Dominicana _932619 |
|
| 700 | 1 |
_aDelgado Bogaert, R. A., _eprologuista _911682 _4prol. |
|
| 910 | _aYLockward | ||
| 942 |
_2ddc _cLBS1 |
||
| 999 |
_c3691 _d3691 |
||